000 00729nam a22002537a 4500
003 UA-OsUOA
001 54268
007 ta
008 20170606b un ||||| |||| 00| 0 ukr d
100 _aСалига Т.
090 _a82(091)
_bС16
942 _cBK
040 _aUA-OsUOA
_bukr
_cUA-OsUOA
_dUA-OsUOA
245 _a...І той вогонь що не згаса...
_bМаланюкознавчі студії
300 _a448 с.
955 _a4
041 _aukr
080 _a82(091)
260 _aУжгород
_bГражда
_c2013
250 _nМонографія
650 7 _2UDC
999 _c434388
_d434388